000 00452nam a2200169Ia 4500
003 GCL
008 140319s9999 xx 000 0 eng d
040 _aGCL /
_cGCL
082 0 4 _a574
_bA B
100 1 _aRAO, RAMESH K. S.
245 1 0 _aBIOLOGY, LIFE ON EARTH, 3th. ed. /
_cRAO, RAMESH K. S.
700 1 _aAUSESIRK, TERESA
260 _a[S.N] :
_bMACMILLAN PUBLBISHING COMPANY ،
_c1993
300 _a1049 P
650 0 4 _aSCIENCE
942 _2ddc
_cBK
999 _c23513
_d23513